Cáncer de cuello uterino /

En la Republica Argentina, el cáncer de cuello de útero es el segundo más diagnosticado en mujeres de 35 a 64 años. Y, cada año, se suman alrededor de 3000 casos nuevos. Es importante saber y conocer qué lo causa y cómo se previene. ¿Qué podemos hacer una vez que es diagnosticado?

Guardado en:
Autor Corporativo: Canal Encuentro.
Otros Autores: Díaz, Julieta; Conducción.
Formato: Deslizar
Publicado: Argentina, 2010
Series:Al gran pueblo, salud
Materias:
Etiquetas: Agregar Etiqueta
Sin Etiquetas, Sea el primero en etiquetar este registro!
LEADER 01286ngm a22003495g 4500
001 CEM.cems023617
008 130507s2010##################0###0#####d
005 20250617170807.0
245 1 0 |a Cáncer de cuello uterino /  |c Canal Encuentro. 
260 |a Argentina,  |c 2010 
300 |a 45'. 
490 0 |a Al gran pueblo, salud 
500 |a Consultar en ventanilla. 
520 |a En la Republica Argentina, el cáncer de cuello de útero es el segundo más diagnosticado en mujeres de 35 a 64 años. Y, cada año, se suman alrededor de 3000 casos nuevos. Es importante saber y conocer qué lo causa y cómo se previene. ¿Qué podemos hacer una vez que es diagnosticado? 
538 |a Soporte: DVD - Color: Si - Grabación DRD 
110 2 |a Canal Encuentro. 
700 1 |a Díaz, Julieta; Conducción. 
082 3 6 |/ DIA 
653 |a BIOLOGIA 
653 |a SALUD 
653 |a ENFERMEDADES 
653 |a SALUD PUBLICA 
653 |a EDUCACION PARA LA SALUD 
653 |a MEDICINA 
653 |a MEDICINA PREVENTIVA 
653 |a CANCER 
653 |a ENFERMEDADES ONCOLOGICAS 
653 |a ONCOLOGIA 
653 |a CANCER DE UTERO 
653 |a APARATO REPRODUCTOR 
653 |a SERIE DE TELEVISIÓN 
859 |a CEMS  |b BIB. CEMS - Depto. Recursos Didacticos  |h 362  |i DIA  |k DRD  |p 2260.15  |t Ej.1